Florística de uma floresta estacional no Planalto da Borborema, nordeste do Brasil (Registro n. 329337)
[ somente texto ]
| 000 -LÍDER | |
|---|---|
| fixed length control field | 03340nab a2200289 i 4500 |
| 003 - CÓDIGO MARC DA AGÊNCIA CATALOGADORA | |
| Campo de controle | BR-BrBNA |
| 005 - DATA E HORA DA ÚLTIMA ATUALIZAÇÃO | |
| Campo de controle | 20241218113026.0 |
| 008 - CAMPO DE TAMANHO FIXO | |
| fixed length control field | 241218b2012 bl.qr|pooa||| 00| 0 por | |
| 040 ## - FONTE DA CATALOGAÇÃO | |
| Agência catalogadora | BR-BrBNA |
| Idioma da catalogação | por |
| 072 ## - CATEGORIA AGRIS | |
| Código AGRIS | K10 |
| 072 ## - CATEGORIA AGRIS | |
| Código AGRIS | F70 |
| 100 ## - ENTRADA PRINCIPAL - NOME PESSOAL | |
| Nome pessoal | Nascimento, Ladivania Medeiros do |
| 100 ## - ENTRADA PRINCIPAL - NOME PESSOAL | |
| Nome pessoal | Rodal, Maria Jesus Nogueira |
| 100 ## - ENTRADA PRINCIPAL - NOME PESSOAL | |
| Nome pessoal | Silva, Alexandre Gomes da |
| 245 ## - TÍTULO PRINCIPAL | |
| Título principal | Florística de uma floresta estacional no Planalto da Borborema, nordeste do Brasil |
| 500 ## - NOTA GERAL | |
| Nota geral | Publicação on-line; Bibliography p. 438-440 (63 ref.); 2 tables; 2 illus.; Summaries (En, Pt) |
| 942 ## - ADDED ENTRY ELEMENTS (KOHA) | |
| Koha item type | Analítica |
| 520 ## - NOTA DE RESUMO | |
| Nota de conteúdo | <br/>Resumo<br/><br/>O conhecimento disponível sobre a flora das florestas montanas (Brejo de Altitude) do semiárido de<br/>Pernambuco aponta duas situações: uma com maior semelhança à das florestas mais próximas à costa atlântica;<br/>e outra mais similar às florestas mais secas do sertão nordestino. Este trabalho teve como objetivo investigar<br/>a composição de fragmentos de floresta montana no município de Brejo da Madre de Deus, Pernambuco,<br/>situados numa área geográfica de transição entre aqueles tipos florestais. Os resultados foram comparados<br/>com cinco levantamentos florísticos realizados em florestas pernambucanas que utilizaram metodologia<br/>similar de amostragem. Foram identificadas 293 espécies, distribuídas em 185 gêneros e 71 famílias. As<br/>espécies arbóreas e arbustivas/subarbustivas se destacaram em riqueza total de espécies coletadas (50% e<br/>24%, respectivamente), indicando similaridade florística com as florestas montanas mais próximas à costa<br/>atlântica. Os outros hábitos não apresentaram padrão claro de similaridade florística.<br/><br/>Palavras-chave: Brejo de Altitude, composição florística, floresta montana, fragmento. |
| 520 ## - NOTA DE RESUMO | |
| Nota de conteúdo | <br/>Abstract<br/><br/>The information available on the flora of upland forests of Pernambuco’s semi-arid region (“brejo de<br/>altitude”) indicates two situations: one flora more similar with forests closer to the Atlantic coast; and<br/>another more similar to the drier forests of northeastern inlands. This study aimed to investigate the floristic<br/>composition of upland forest fragments in the municipality of Brejo da Madre de Deus, Pernambuco, located<br/>in a geographical transition area between those forests. The results were compared with five floristic surveys<br/>carried out in Pernambuco forests that used similar sampling methodologies. Two-hundred ninety-three<br/>species were identified, distributed among 185 genera and 71 families. Arboreal and shrubby/subshrub<br/>species stood out richness of the total species collected (50% and 24%, respectively), which indicates<br/>floristic similarity with the highland forests closer to the Atlantic coast. The other habits did not present<br/>clear floristic similarity patterns.<br/><br/>Key words: Brejo de Altitude, floristic composition, fragments, montane forest. |
| 650 ## - ASSUNTO - THESAGRO | |
| Cabeçalho tópico ou nome geográfico | BREJO |
| 650 ## - ASSUNTO - THESAGRO | |
| Cabeçalho tópico ou nome geográfico | COMPOSIÇÃO BOTÂNICA |
| 650 ## - ASSUNTO - THESAGRO | |
| Cabeçalho tópico ou nome geográfico | FLORESTA |
| 650 ## - ASSUNTO - THESAGRO | |
| Cabeçalho tópico ou nome geográfico | TAXONOMIA |
| 773 0# - ENTRADA ANALÍTICA | |
| Host Biblionumber | 709 |
| Registro do item | 347374 |
| Imprenta | Rio de Janeiro-RJ Jardim Botanico do Rio de Janeiro 1935 |
| Outro identificador | 2024-8368 |
| Título | Rodriguésia (Brazil) |
| ISSN | 0370-6583; 2175-7860 on-line |
| Colação | v. 63(2) p. 429-440; (2012) |
| Número de controle de registro | BR2024002930 |
| 856 ## - ACESSO E ENDEREÇO ELETRÔNICO | |
| Identificador uniforme de recurso - URI | https://www.scielo.br/j/rod/a/XpYwz4PH5hMsSQzJ6NbzQXv/?format=pdf&lang=pt |
Nenhum exemplar disponível.

BINAGRI